000 00461nam a2200169 4500
003 SEACOMMC
005 20250424133141.0
008 241104b |||||||| |||| 00| 0 eng d
020 _a978-81-20349-46-9
_cRs.325.00
040 _aSEACOMMC
082 _a001.42
_bP 194
100 _aPanneerselvam ,R.
245 1 _aResearch Methodology
_cR. Panneerselvam
260 _aNew Delhi
_b Prentice-Hall of India
_c 2004
650 _aResearch Methodology
942 _cBOOK
999 _c721
_d721